Inventari de l'Arxiu Municipal de Pollença /
Publicado:
Palma :
Consell Insular de Mallorca, Servei d'Arxius i Biblioteques : Ajuntament de Pollença ,
1997
Descripción Física:
251 p. ; 22 cm
MARC
| LEADER | 00000nam a2200000Ia 4500 | ||
|---|---|---|---|
| 001 | 11681 | ||
| 003 | BGR | ||
| 005 | 20260324175209.0 | ||
| 008 | 160829s1997 xx 000 0 cat d | ||
| 080 | |a A-1-306 | ||
| 110 | 1 | |9 70357 |a Arxiu Municipal de Pollença | |
| 245 | |a Inventari de l'Arxiu Municipal de Pollença / |c equip tècnic: Isabel Garau Llompart, Juan José Riera Ferrer ; coordinació: Francesc Riera Vayreda | ||
| 260 | |a Palma : |b Consell Insular de Mallorca, Servei d'Arxius i Biblioteques : |b Ajuntament de Pollença, |c 1997 | ||
| 300 | |a 251 p. ; |c 22 cm | ||
| 490 | |a Publicacions del Consell Insular de Mallorca. Sèrie Arxius : instruments de descripció documental ; 11 | ||
| 650 | |a Arxiu Municipal de Pollença |x Catàlegs |9 19679 | ||
| 650 | |a Arxius municipals |x Mallorca |x Catàlegs |9 19680 | ||
| 700 | 1 | |a Garau Llompart, Isabel |9 19681 | |
| 700 | |a Riera Ferrer, Juan José |9 19682 | ||
| 700 | |a Riera Vayreda, Francesc, coord. I |9 19683 | ||
| 710 | 1 | |a Pollença (Illes Balears). |b Ajuntament |9 55499 | |
| 710 | 1 | |a Mallorca (Illes Balears). |b Servei d'Arxius i Biblioteques |9 56482 | |
| 901 | |a Arxiu | ||
| 942 | |n 1 |2 udc |c MON | ||
| 952 | |0 0 |1 0 |4 0 |6 A1306 |7 1 |9 41304 |a Arxiu |b Arxiu |d 2016-12-01 |l 0 |o A-1-306 |p 11681 |r 2016-12-01 00:00:00 |w 2016-12-01 |y ARXIU | ||
| 999 | |c 43087 |d 43087 | ||